Statistics for Words that have AEIOU #2

Click here to take the quiz!

General Stats

  • This quiz has been taken 14 times
  • The average score is 9 of 16

Answer Stats

HintStarting
Letter
Answer% Correct
The act of bringing a solution's pH to 7.0NNeutralization
92%
Restoration to a state of youth and vigorRRejuvenation
85%
The science of flight and aircraftAAeronautics
77%
An illusory drug oft used by hippies; e.g., LSDHHallucinogen
77%
Gaudily demanding attention; pretentiousOOstentatious
77%
A measure taken in advance, a safeguardPPrecaution
77%
The disinterment a body, often for an autopsyEExhumation
62%
Utter chaos; a loud and uproarious statePPandemonium
62%
Persistent or stubborn in one's goalsTTenacious
62%
The reduction of worth of, say, a currencyDDevaluation
54%
The total depletion of one's energyEExhaustion
54%
The messenger of a nerve synapseNNeurotransmitter
31%
An ordered arrangement; nPr in mathPPermutation
31%
Having cells with organelles and nucleiiEEukaryotic
23%
The deliberate use of evasive languageEEquivocation
15%
Joking at inappropriate times; waggishFFacetious
15%

Score Distribution

Percentile by Number Answered

Percent of People with Each Score

Your Score History

You have not taken this quiz